| 000 | 00603nam a2200241 a 4500 | ||
|---|---|---|---|
| 001 | nice12345678 | ||
| 003 | IN_TiNIC | ||
| 005 | 20260116011425.0 | ||
| 008 | 050524s1935 laha grp 000 0 urd | ||
| 020 |
_a _c100 |
||
| 082 | 0 | 0 |
_a232.903 _bGAI |
| 100 | _aGairdner, W H T | ||
| 245 | _aHidayat Bara-E-Catechumens. | ||
| 260 |
_aLahore _bPunjab Religious Booksociety _c1935 |
||
| 300 | _a224p | ||
| 500 | _aincludes index and biblioraphy | ||
| 505 | 2 | _areference | |
| 650 | _aJesus Christ-Person and Work | ||
| 700 | 1 | _aGairdner, W H T | |
| 902 | _bSRS | ||
| 942 | _cBK | ||
| 999 |
_c1404 _d1404 |
||